| 000 | 00361nam a2200133Ia 4500 | ||
|---|---|---|---|
| 008 | 220217s9999||||xx |||||||||||||| ||und|| | ||
| 020 | _a81-8128-488-7 | ||
| 082 | _a005.13 WOO | ||
| 100 |
_aWoolston, Daniel _95944 |
||
| 245 | 0 | _aPro ajax and the .net 2.0 platform | |
| 260 |
_aApress _bNew Delhi _c2007 |
||
| 300 | _b449 | ||
| 650 | _aPROGRAMMING LANGUAGE | ||
| 999 |
_c177173 _d177173 |
||